| 000 | 00849nam a2200277Ia 4500 | ||
|---|---|---|---|
| 003 | OSt | ||
| 005 | 20260211114501.0 | ||
| 008 | 008 250103s9999 xx 000 0 eng d | ||
| 020 | _a9781849954983 | ||
| 037 | _aReference Collections | ||
| 040 |
_aCSL _beng _cCSL |
||
| 041 |
_aeng _2eng |
||
| 084 |
_aK92k R3 RR _qCSL |
||
| 100 |
_aBeolens, Bo _9731997 |
||
| 245 | 0 |
_aEponym Dictionary of Fishes _c/ by Bo Beolens, Michael Grayson and Michael Watkins |
|
| 260 |
_aScotland : _bWhittles Publishing , _c2023 . |
||
| 300 |
_axiv, 1463 p. _b: ill. |
||
| 600 | _2Dictionary | ||
| 600 | _2Fishes | ||
| 650 |
_afishes _9599334 |
||
| 650 |
_aZoology _91115081 |
||
| 700 |
_a Grayson, Michael _9734287 |
||
| 700 |
_a Watkins, Michael _9734288 |
||
| 942 |
_cREF _hK92k R3 RR _2CC _n0 |
||
| 999 |
_c1237911 _d1237911 |
||